000 01075nam a2200253 i 4500
001 bg
245 0 0 _aBudowa i konserwacja terenów zielonych :
_bDział 12 Budowa terenów zielonych, Budowa i konserwacja terenów zielonych ; Dział 13 Konserwacja terenów zielonych /
_coprac. Resortowy Ośrodek Organizacji i Normowania Pracy Ministerstwa Administracji, Gospodarki Terenowej i Ochrony Środowiska.
260 _aWarszawa :
_bORGBUD-SERWIS,
_c1999.
300 _a76 s. ;
_c21 cm.
490 1 _aKatalog Norm Pracy ;
_vCz.1
650 9 _aNormowanie pracy
650 9 _aTereny zielone
_xochrona
650 9 _aTereny zielone
_xkonserwacja
710 _aMinisterstwo Administracji, Gospodarki Terenowej i Ochrony Środowiska
_bResortowy Ośrodek Organizacji i Normowania Pracy
830 _aKatalog Norm Pracy ;
020 _a8387057126
040 _cBPK
041 0 _apl
080 _a65.015:635.9+634:712](438)
920 _a83-87057-12-6
942 _cKA
008 s pl f |000 0 pol
999 _c24310
_d24310
856 _uhttp://koha.tu.koszalin.pl/cgi-bin/koha/opac-detail.pl?biblionumber=24310
_yKatalog online BPK